000 00901nam a2200229 i 4500
001 144775
003 ES-MaACL
005 20250630203624.0
007 t|
008 070214s1981 sp r ||||1| spa d
100 1 _aSlaby, Rudolf J.
_9106762
245 1 0 _aDiccionario de las lenguas española y alemana
_b: = Worterbuch der spanischen und deutschen Sprache /
_cpor Rodolfo J. Slaby y Rodolfo Grossmann.
250 _a4ª ed., rev. y amp.
260 _aBarcelona :
_bHerder,
_c1981 (
_fGrafesa)
300 _a2 v. ;
_c25 cm.
500 _aContiene: I . Español-alemán = Spanisch-Deutsch ------ II . Alemán-español = Deutsch-Spanisch.
650 0 4 _aLengua alemana-
_vDiccionarios-
_xEspañol.
_914082
650 0 4 _aLengua española-
_vDiccionarios-
_xAlemán.
_914138
700 1 _aGrossmann, Rudolf,
_d1892-1980
_960188
852 _aES-MaACL
_jL-6885-6
_bR.106741
999 _c144775
_d144775